书目信息 |
| 题名: |
淮系人物列传
|
|
| 作者: | 马昌华 主编 | |
| 分册: | ||
| 出版信息: | 合肥 黄山书社 1995.12 |
|
| 页数: | 435页 | |
| 开本: | 21cm | |
| 丛书名: | 淮系集团与近代中国 | |
| 单 册: | ||
| 中图分类: | K820.854 | |
| 科图分类: | ||
| 主题词: | 历史人物--li shi ren wu--列传--安徽--清代 | |
| 电子资源: | ||
| ISBN: | 7-80630-012-0 | |
| 000 | 01140nam 2200289 450 | |
| 001 | 012007695968 | |
| 005 | 20071205105209.04 | |
| 010 | @a7-80630-012-0@b精装@dCNY31.00 | |
| 100 | @a20071204d1995 km y0chi0120 ea | |
| 101 | 0 | @achi |
| 102 | @aCN@b340000 | |
| 105 | @ay a 000yd | |
| 106 | @ar | |
| 200 | 1 | @a淮系人物列传@Ahuai xi ren wu lie chuan@e文职·北洋海军·洋员@f马昌华主编@Fma chang hua zhu bian |
| 210 | @a合肥@c黄山书社@d1995.12 | |
| 215 | @a435页@d21cm | |
| 225 | 2 | @a淮系集团与近代中国@Ahuai xi ji tuan yu jin dai zhong guo |
| 300 | @a国家“八五”规划重点图书 国家社会科学基金资助出版 | |
| 320 | @a有书目。 | |
| 330 | @a在中国的历史长河中,变动最激烈、色彩最斑斓的要数鸦片战争以来的近代中国社会。以李鸿章为首的淮系集团,在19世纪60年代,曾以令人瞩目的姿态登上了历史舞台。本书就是讲述淮系人物的故事。 | |
| 410 | 0 | @12001 @a淮系集团与近代中国 |
| 517 | 1 | @a文职·北洋海军·洋员@Awen zhi·bei yang hai jun·yang yuan |
| 606 | 0 | @a历史人物@Ali shi ren wu@x列传@y安徽@z清代 |
| 690 | @aK820.854@v4 | |
| 701 | 0 | @a马昌华@Ama chang hua@4主编 |
| 801 | 0 | @aCN@bQSSK@c20071205 |
| 905 | @b270628-30@dK820.854@eM023@f3 | |
| 淮系人物列传:文职·北洋海军·洋员/马昌华主编.-合肥:黄山书社,1995.12 |
| 435页;21cm.-(淮系集团与近代中国) |
| 国家“八五”规划重点图书 国家社会科学基金资助出版 |
| ISBN 7-80630-012-0(精装):CNY31.00 |
| 在中国的历史长河中,变动最激烈、色彩最斑斓的要数鸦片战争以来的近代中国社会。以李鸿章为首的淮系集团,在19世纪60年代,曾以令人瞩目的姿态登上了历史舞台。本书就是讲述淮系人物的故事。 |
| ● |
| 相关链接 |
|
|
|
正题名:淮系人物列传
索取号:K820.854/M023
 
预约/预借
| 序号 | 登录号 | 条形码 | 馆藏地/架位号 | 状态 | 备注 |
| 1 | 270628 | 202706287 | 社科库309/309社科库 45排4列4层/ [索取号:K820.854/M023] | 在馆 | |
| 2 | 270629 | 202706296 | 社科库309/309社科库 45排4列4层/ [索取号:K820.854/M023] | 在馆 | |
| 3 | 270630 | 202706303 | 社科库309/309社科库 45排4列4层/ [索取号:K820.854/M023] | 在馆 |